Library of the University of Algiers 3
Ibrahim Sultan Cheibout
شعار جامعة الجزائر 3
مكتبة جامعة الجزائر 3
إبراهيم سلطان شيبوط

الوجيز في عقد الإيجار : (رقم التسجيلة. 45261)

تفاصيل مارك
000 -LEADER
fixed length control field 01407nam a2200229Ia 4500
003 - CONTROL NUMBER IDENTIFIER
control field Ost
005 - DATE AND TIME OF LATEST TRANSACTION
control field 20260507075634.0
008 - FIXED-LENGTH DATA ELEMENTS--GENERAL INFORMATION
fixed length control field 260507s9999||||xx |||||||||||||| ||und||
020 ## - INTERNATIONAL STANDARD BOOK NUMBER
International Standard Book Number 9390365977
040 ## - CATALOGING SOURCE
Transcribing agency fsecg
041 ## - LANGUAGE CODE
Language code of text/sound track or separate title ara
082 ## - DEWEY DECIMAL CLASSIFICATION NUMBER
Classification number 342.02
100 ## - MAIN ENTRY--PERSONAL NAME
Personal name سليم، عصام أنور
Relator term مؤلف
245 #0 - TITLE STATEMENT
Title الوجيز في عقد الإيجار :
Remainder of title الأحكام العامة في الإيجار /
Statement of responsibility, etc. عصام أنور سليم
260 ## - PUBLICATION, DISTRIBUTION, ETC.
Place of publication, distribution, etc. الإسكندرية:
Name of publisher, distributor, etc. دار المطبوعات الجامعية,
Date of publication, distribution, etc. 2003
300 ## - PHYSICAL DESCRIPTION
Extent 550 صفحة؛
Dimensions 24 سم
490 ## - SERIES STATEMENT
Series statement المكتبة القانونية لدار المطبوعات
520 ## - SUMMARY, ETC.
Summary, etc. التعريف بالخطر والتأمين:الخطر وكيفية مواجهته-التعريف بالتأمين وتاريخ نشأته -أهداف التأمين-أنواع التأمين وتقسيماته-التنظيم التشريعى للتأمين/-عناصر التأمين:الخطر-القسط-التزامات المستأجر/-النزول عن الايجار:مدى جواز التنازل عن الايجار-آثار التنازل عن الايجار-ىثار الايجار من الباطن/-زوال الايجار:بطلان عقد الايجار-انحلال عقد الايجار-انتهاء الايجار
653 ## - INDEX TERM--UNCONTROLLED
Uncontrolled term التأمين -مخاطر
653 ## - INDEX TERM--UNCONTROLLED
Uncontrolled term عقود الإيجار
942 ## - ADDED ENTRY ELEMENTS (KOHA)
Koha item type كتب
المقتنيات
Withdrawn status Lost status Source of classification or shelving scheme Damaged status Not for loan Home library Current library Date acquired Serial enumeration / chronology Inventory number Total checkouts Full call number Barcode Date last seen Price effective from Koha item type
    Dewey Decimal Classification   NOT LOAN / إعارة داخلية مكتبة كلية العلوم الإقتصادية والعلوم التجارية وعلوم التسيير مكتبة كلية العلوم الإقتصادية والعلوم التجارية وعلوم التسيير 07/05/2026 الطابق الأرضي 513/1   أ/513ن1 513/1 07/05/2026 07/05/2026 كتب
    Dewey Decimal Classification   Available مكتبة كلية العلوم الإقتصادية والعلوم التجارية وعلوم التسيير مكتبة كلية العلوم الإقتصادية والعلوم التجارية وعلوم التسيير 07/05/2026 الطابق الأرضي 513/2   أ/513ن2 513/2 07/05/2026 07/05/2026 كتب
    Dewey Decimal Classification   Available مكتبة كلية العلوم الإقتصادية والعلوم التجارية وعلوم التسيير مكتبة كلية العلوم الإقتصادية والعلوم التجارية وعلوم التسيير 07/05/2026 الطابق الثاني 513/3   أ/513ن3 513/3 07/05/2026 07/05/2026 كتب
    Dewey Decimal Classification   Available مكتبة كلية العلوم الإقتصادية والعلوم التجارية وعلوم التسيير مكتبة كلية العلوم الإقتصادية والعلوم التجارية وعلوم التسيير 07/05/2026 الطابق الثاني 513/4   أ/513ن4 513/4 07/05/2026 07/05/2026 كتب

موارد الويب المفتوحة


© University of Algiers 3 All Rights Reserved
|
Implemented by LECHELAH Riad